Soy una mujer.

Gespeichert in:
Bibliographische Detailangaben
1. Verfasser: Toro-Goya, Mauricio (autor)
Weitere Verfasser: Jösch Krotki, Andrea (editora)
Format: Buch
Veröffentlicht: [s.l]: 1621 Editores, 2019.
Ausgabe:Primera edición.
Schlagworte:
Tags: Tag hinzufügen
Keine Tags, Fügen Sie den ersten Tag hinzu!

MARC

LEADER 00000nam a22000007a 4500
003 CL-VaPUC
005 20250321101936.0
008 250128t2019 ||||| |||| 00| 0 eng d
999 |c 446854  |d 446852 
040 |c Pontificia Universidad Católica de Valparaíso 
082 |a 779.082 TOR 2019 
100 |a Toro-Goya, Mauricio  |e autor  |9 550894 
245 |a Soy una mujer. 
250 |a Primera edición. 
260 |a [s.l]:  |b 1621 Editores,  |c 2019. 
300 |a sin numeración:  |b fotografías. 
500 |a c.1. Instituto Arcos.08-01-2025. 
583 |c 20250128  |k Gabriela Rodríguez Cuevas 
650 0 |9 888505  |a Fotografías en blanco y negro  |x Mujeres indígenas  |z México y Chile 
700 |9 869082  |a Jösch Krotki, Andrea  |e editora 
942 |2 ddc  |c BK  |n 0 
952 |0 0  |1 0  |2 ddc  |4 0  |6 779_082000000000000_TOR_2019  |7 0  |9 600030  |a BIBINC  |b BIBINC  |c GEN  |d 2025-01-28  |e Instituto Arcos  |i 5664837  |o 779.082 TOR 2019  |p 5664837  |r 2025-01-28  |t 1  |w 2025-01-28  |y BK  |k IFP